000 01286cam a2200253 4500
001 ABS62510
008 000000n2000 000 0 eng u
035 _a(Sirsi) u106534
100 _aDutton, T.
100 _aWalker, A.
245 _aLegal case round-up
260 _c2000
490 _aProperty Week
_v65(21) 26 May 2000, 76-77(2)
520 _aHighlights the key points of three landlord and tenant decisions. "Wallis Fashion Group Ltd v General Accident Life Assurance Society" on how the operation of the Landlord and Tenant (Covenants) Act 1995 was to be taken into account in fixing the terms of a new lease; "Receiver for the Metropolitan Police District v Palacegate Properties Ltd", a joint application under the 1954 Act s38(4) to exclude a proposed lease from security of tenure provisions; and "Penningtons v Abedi" about a solicitor's entitlement to interim payment of fees.
590 _aABS
650 _aLANDLORD AND TENANT ACT 1954
650 _aWALLIS FASHIONS GROUP LTD V GENERAL ACCIDENT LIFE ASSURANCE SOCIETY
650 _aRECEIVER FOR THE METROPOLITAN POLICE DISTRICT V PALACEGATE PROPERTIES LTD
650 _aPENNINGTONS V ABEDI
650 _aLEASES
650 _aSECURITY OF TENURE
690 _aPROPERTY-LANDLORD AND TENANT
942 _n0
999 _c63811
_d63811